LEADER 00905nam0 22002531i 450 001 UON00287637 005 20231205103907.973 100 $a20070205d1961 |0itac50 ba 101 $apol 102 $aPL 105 $a|||| 1|||| 200 1 $aPotop$fHenryk Sienkiewicz 210 $aWarszawa$cPanstwowy Instytut Wydawniczy$d1961 215 $a3 v.$ctav.$d20 cm. 620 $aPL$dWarszawa$3UONL000573 676 $a891.85$cLetteratura polacca$v21 700 1$aSIENKIEWICZ$bHenryk$3UONV037450$0440643 712 $aPanstwowy Instytut Wydawniczy$3UONV266283$4650 801 $aIT$bSOL$c20240220$gRICA 899 $aSIBA - SISTEMA BIBLIOTECARIO DI ATENEO$2UONSI 912 $aUON00287637 950 $aSIBA - SISTEMA BIBLIOTECARIO DI ATENEO$dSI POLACCO A SIE 0001 $eSI SL 798 5 0001 996 $aPotop$91249907 997 $aUNIOR